Normal view
MARC view
- MACHINE PARTS DESIGN AND CONSTRUCTION
Entry Topical Term
001 - CONTROL NUMBER
- control field: 61379
003 - CONTROL NUMBER IDENTIFIER
- control field: NUST
005 - DATE AND TIME OF LATEST TRANSACTION
- control field: 20210628202736.0
008 - FIXED-LENGTH DATA ELEMENTS
- fixed length control field: 210628|| aca||aabn | a|a d
040 ## - CATALOGING SOURCE
- Original cataloging agency: NUST
- Transcribing agency: NUST
150 ## - HEADING--TOPICAL TERM
- Topical term or geographic name entry element: MACHINE PARTS DESIGN AND CONSTRUCTION
670 ## - SOURCE DATA FOUND
- Source citation: Work cat.: (NUST): EDWARD, KENNETH S ,MCKEE, ROBERT B 61378, FUNDAMENTALS OF MECHANICAL COMPONENT DESIGN, 1991
